000 00409nam a2200157Ia 4500
003 GCL
008 140319s9999 xx 000 0 eng d
040 _aGCL /
_cGCL
082 0 4 _a792.028
_bL A
100 1 _aLEWIS, ROSEMARY
245 1 0 _aACTIVE DRAMA /
_cLEWIS, ROSEMARY
260 _a[S.N] :
_bHEINEMANN EDUCATIONAL AUSTRALIA ،
_c1984
300 _a109
650 0 4 _aDRAMA IN EDUCATION
942 _2ddc
_cBK
999 _c24505
_d24505